| 000 | 01066nam a2200313Ia 4500 | ||
|---|---|---|---|
| 001 | 4759 | ||
| 005 | 20260217203146.0 | ||
| 008 | 160601s2004 sp g 000 0 spa | ||
| 020 | _a8423335038 | ||
| 020 | _a9788423335039 | ||
| 040 |
_aCO-BoRNBP _bspa _erda _cCO-BoRNBP |
||
| 084 | _aN ORW1 | ||
| 100 | 1 |
_aOrwell, George _d1903-1950 _968916 |
|
| 245 | 1 | 0 |
_a1984 _cGeorge Orwell ; traducción Rafael Vázquez Zamora |
| 250 | _a3a. edición | ||
| 264 |
_aBarcelona _bDestino _c2004 |
||
| 300 |
_a334 páginas _c21 cm |
||
| 336 |
_atexto _btxt _2rdacontent |
||
| 337 |
_asin mediación _bn _2rdamedia |
||
| 338 |
_avolumen _bnc _2rdacarrier |
||
| 650 | 1 | 4 |
_2LEMB _aNovela inglesa _ySiglo XX _92622 |
| 650 | 1 | 4 |
_2LEMB _aLiteratura inglesa _ySiglo XX _92623 |
| 650 | 1 | 4 |
_2LEMB _aCiencia ficción en la literatura _92585 |
| 650 | 1 | 4 |
_2LEMB _aSocialismo en la literatura _968917 |
| 650 | 1 | 4 |
_2LEMB _aGuerra en la literatura _92147 |
| 650 | 1 | 4 |
_2LEMB _aPolítica en la literatura _939529 |
| 700 | 1 |
_aVázquez Zamora, Rafael _etraductor _968918 |
|
| 942 |
_2loc _cBKLIT |
||
| 999 |
_c4759 _d4759 |
||